000 00543nam a2200193Ia 4500
008 090123s9999 xx 000 0 und d
082 _b40190
100 _aकेन फॉलेट
245 _aजॅकडॉज
250 _a1
260 _bगायत्री प्रकाशन
_c2006
300 _a416
600 _aकेन फॉलेट
630 _aजॅकडॉज
700 _aकेन फॉलेट
700 _aगुर्जर रविंद्र
730 _aजॅकडॉज
942 _cBOOK
999 _c78264
_d78264